000 00339nam a2200157Ia 4500
100 _aBlake/Roy
650 _aCommunication
942 _cBK
366 _f20
654 _awireless
245 _aWireless communication technology
260 _bCengage Learning
_c2001
082 _a384.5/BLA
_bBLA
300 _a604
546 _aENGLISH
999 _c32829
_d32829